000 00807nam a2200205Ia 4500
003 GCL
008 140319s9999 xx 000 0 ara d
040 _aGCL /
_cGCL
082 0 4 _a956.9
_bع ل
100 1 _aعاصم الدسوقى
245 1 0 _aليلة اعتراف أمريكا بإسرائيل :
_bفى أصول التلاعب بمصير الشعوب /
_cعاصم الدسوقى
250 _aالاولى
260 _aالقاهرة :
_bدار الوفاء لدنيا الطباعة والنشر ،
_c2004
300 _a299 ص ؛
_c24 سم
650 0 4 _aالصهيونية
650 0 4 _aاسرائيل - تاريخ
650 0 4 _aاسرائيل - تاريخ - العصر الحديث
650 0 4 _aاسرائيل - تاريخ - النزاع العربى الاسرائيلى
942 _2ddc
_cBK
999 _c6167
_d6167